LEADER 01311nam a2200301 i 4500 001 000000214585 003 CaOOAMICUS 005 20151207000000.0 008 151207s1985 it u000 u ita u 013 $a193456 020 $a88-317-4778-9 040 $aSeMil$bita 100 1 $aMaturana, Humberto R.$0(OLS)http://semarc/name/76318 245 10$aAutopoiesi e cognizione :$bla realizzazione del vivente /$cHumberto R. Maturana, Francisco Varela ; prefazione di Giorgio De Michelis. 260 $aVenezia :$bMarsilio,$c1985. 300 $a205 p. ;$c22 cm. 490 0 $aSaggi Marsilio 650 4$aEpistemologia.$0(OLS)http://semarc/subject/312 650 4$aBiologia - Teorie.$0(OLS)http://semarc/subject/27566 700 1 $aDe Michelis, Giorgio.$0(OLS)http://semarc/name/76320 700 1 $aVarela, Francisco.$0(OLS)http://semarc/name/76319 830 0$aSaggi Marsilio.$0(OLS)http://semarc/title/7835 850 $aSeMil 852 $aSeMil$W1$xVenegono$y1$m3X V 55$j165007$B165007$CSeMilBibl$Z2$F209047 $81 961 $aLascito: Milani don Felice 996 $6020$a88-317-4778-9$9(OLS)http://semarc/number/210889 996 $6245$aAutopoiesi e cognizione :$bla realizzazione del vivente$9(OLS)http://semarc/title/309157 996 $6260$aVenezia :$bMarsilio$9(OLS)http://semarc/publisher/30231 LEADER 00909nam a2200241 i 4500 001 000000067706 003 CaOOAMICUS 005 20100604000000.0 008 100604s1966 it u000 u ita u 013 $a38878 040 $aSeMil$bita 100 1 $aLeonardi, Franco.$0(OLS)http://semarc/name/7575 245 10$aSociologia dell'ideologia /$cFranco Leonardi. 260 $aCatania :$bGiannotta,$c1966. 300 $a77 p. ;$c21 cm. 490 0 $aSaggi di sociologia 650 4$aSociologia.$0(OLS)http://semarc/subject/3570 650 4$aIdeologia.$0(OLS)http://semarc/subject/9594 830 0$aSaggi di sociologia.$0(OLS)http://semarc/title/21763 850 $aSeMil 852 $aSeMil$W1$xVenegono$y1$m2O I 257$j33859$B33859$CSeMilBibl$Z2$F33862 $81 996 $6245$aSociologia dell'ideologia$9(OLS)http://semarc/title/107921 996 $6260$aCatania :$bGiannotta$9(OLS)http://semarc/publisher/34409